000 00681 a2200229 4500
005 20260417141016.0
008 260417b |||||||| |||| 00| 0 eng d
020 _a8180693422
_cRs. 1500.00
040 _aMAIN
082 _a910.285
_bS23M
100 _aSharma, H S, ed.
245 _aMathematical modelling in geographical information system, global positioning system and digital cartography
260 _bConcept Publishing Company
_aNew Delhi
_c2006
300 _aix, 424
650 _aGeography
650 _aGeography Information System
650 _aDigital Mapping
700 _aRam
700 _aPrasad, Rama, ed.
700 _aBinda, P R, ed.
942 _cBK
999 _c396858
_d396858